MARC

LEADER 00000nam0a2200000 4500
001 21154
005 20231030192350.0
010 |a 5714002636 
035 |a (RuTPU)RU\TPU\book\21352 
035 |a BOOK00006045 
090 |a 21154 
100 |a 20011209d1990 m y0rusy50 ca 
101 0 |a rus 
102 |a RU 
105 |a y z 000zy 
200 1 |a История ансамбля "Битлз"  |f Т. А. Воробьева 
210 |a Ленинград  |c Музыка  |d 1990 
215 |a 268 с. 
610 1 |a музыка 
610 1 |a история 
610 1 |a вокальная музыка 
610 1 |a 20 век 
610 1 |a Битлз 
675 |a 78.071  |v 3 
700 1 |a Воробьева  |b Т. А.  |g Тамара Александровна 
801 0 |a RU  |b 63413507  |c 20011209  |g PSBO 
801 2 |a RU  |b 63413507  |c 20120806  |g PSBO 
942 |c BK